000 00915nam a2200241Ia 4500
001 17164
003 GE_BSU
008 181216s||||||||xx |||||||||||||| ||und||
040 _cGE_BSU
080 _a087.5:59
100 _aსნეგირევი, გენადი
245 _aდასახლებული კუნძული
245 _bნარკვევი ზოოლოგიაში
245 _cთარგმ. ა. კიკვიძემ ; ილ: მ. მიტურიჩისა. რედ. ნ. ლორთქიფანიძე
260 _aთბილისი
260 _bნაკადული
260 _c1968
300 _a91გვ. : ილ. ; 21სმ
653 _aდასახლებული კუნძული
653 _aზოოლოგია
653 _aნარკვევი ზოოლოგიაში
942 _cBK
999 _c50226
_d50226